| 000 | 01531nam a22003977a 4500 | ||
|---|---|---|---|
| 003 | CHAP | ||
| 005 | 20220329143433.0 | ||
| 008 | 090819s2009 mx r 00010 spa d | ||
| 010 | _a96597 | ||
| 011 | _a97569 | ||
| 035 | _a108237 | ||
| 040 | _cCHAP | ||
| 090 | _aTesis | ||
| 100 | 1 |
_cMorelos Moreno, Alvaro _9124358 |
|
| 245 | 1 | 0 |
_aTracción del tractor MF- 592T 4WD y 2WD con una rastra de discos _c/por Alvaro Morelos Moreno |
| 260 |
_aChapingo, Méx. : _bEl autor, _c2009 |
||
| 300 |
_aix, 108 h. : _bgráfs. , ilus. tablas |
||
| 502 | _aTesis (M. en Ingeniería Agrícola y uso Integral del Agua) -- UACH. Departamento de Ingeniería Mecánica Agrícola | ||
| 530 | _aTambién disponible en línea | ||
| 590 |
_aALEPH _b10 _c20130110 _lUCH01 _h1529 |
||
| 590 |
_aBATCH-UPD _b10 _c20130110 _lUCH01 _h0920 |
||
| 590 |
_aBATCH-UPD _b10 _c20130410 _lUCH01 _h0542 |
||
| 590 |
_aBATCH-UPD _b10 _c20130914 _lUCH01 _h1757 |
||
| 590 |
_aBATCH-UPD _b10 _c20140324 _lUCH01 _h1512 |
||
| 590 |
_aBATCH-UPD _b10 _c20141002 _lUCH01 _h0840 |
||
| 590 |
_aCONVERSION _b10 _c20130109 _lUCH01 _h1353 |
||
| 650 | 1 | 4 |
_aMaquinaria agrícola _xMéxico (Edo.) _971188 |
| 650 | 1 | 4 |
_aRastra. _994727 |
| 650 | 1 | 4 |
_aTractores. _9114574 |
| 650 | 1 | 4 |
_aTransmisiones (tractores) _9114633 |
| 856 |
_3Finding aid _uhttp://10.13.5.2/tesis/108237.pdf _zTeclea aqui |
||
| 901 | _aBK | ||
| 942 | _cFOLL | ||
| 949 |
_aTesis _bBC _cTES _d33724002107743 _eTS1 _gDonaciØn _h49444 _i108237 _sb |
||
| 949 |
_aTesis _bBC _cTES _d33724002107785 _eTS2 _fc.2 _gDonaciØn _h49445 _i108237 _sb |
||
| 999 |
_c96597 _d96597 |
||